书目信息 |
| 题名: |
共产主义运动
|
|
| 作者: | 克劳丁 著 ;方光明 译 | |
| 分册: | 第一卷 共产国际的危机 | |
| 出版信息: | 福州 福建人民出版社 1982~1983 |
|
| 页数: | 374页 | |
| 开本: | 21cm | |
| 丛书名: | ||
| 单 册: | ||
| 中图分类: | D16 | |
| 科图分类: | ||
| 主题词: | 国际共产主义--历史 | |
| 电子资源: | ||
| ISBN: | ||
| 000 | 00856nam0 2200265 45 | |
| 001 | 0182008606 | |
| 005 | 20070730144814.93 | |
| 010 | @dCNY1.30 | |
| 091 | @aCN@b2173.19 | |
| 100 | @a19950605f19821983emky0chiy0121 ea | |
| 101 | 1 | @achi |
| 102 | @aCN@b350000 | |
| 105 | @ay z 000yy | |
| 200 | 10 | @a共产主义运动@Agong chan zhu yi yun dong@e从共产国际到共产党情报局@h第一卷@i共产国际的危机@f(西)克劳丁著@g方光明等译 |
| 210 | @a福州@c福建人民出版社@d1982~1983 | |
| 215 | @a374页@d21cm | |
| 517 | 1 | @a从共产国际到共产党情报局@Acong gong chan guo ji dao gong chan dang qing bao ju |
| 517 | 1 | @a共产国际的危机@Agong chan guo ji de wei ji |
| 606 | @a国际共产主义@x历史 | |
| 690 | @aD16@v3 | |
| 701 | 0 | @a克劳丁@Ake lao ding@4著 |
| 702 | 0 | @a方光明@Afang guang ming@4译 |
| 801 | 2 | @aCN@bNLC@c20070730 |
| 801 | 0 | @aCN@bTSSF |
| 905 | @a10447@dD16@e18 | |
| 共产主义运动:从共产国际到共产党情报局.第一卷.共产国际的危机/(西)克劳丁著/方光明等译.-福州:福建人民出版社,1982~1983 |
| 374页;21cm |
| ISBN :CNY1.30 |
| ● |
| 相关链接 |
|
|
|
|
正题名:共产主义运动
索取号:D16/18
 
预约/预借
| 序号 | 登录号 | 条形码 | 馆藏地/架位号 | 状态 | 备注 |
| 1 | 0787283 | 207872836 | 第一样本阅览室/ [索取号:D16/18] | 在馆 |